ბათუმის შოთა რუსთაველის სახელმწიფო უნივერსიტეტის ბიბლიოთეკა

ადამ სმითი და თანამედროვე საერთაშორისო ეკონომიკის აქტუალური საკითხები / (ბიბ.ჩანაწერი № 36859)

000 -ლიდერი
ფიქსირებული სიგრძის საკონტროლო ველი 01117nam a2200229Ia 4500
001 - საკონტროლო ნომერი
საკონტროლო ველი 2808
003 - საკონტროლო ნომრის იდენტიფიკატორი
საკონტროლო ველი GE_BSU
005 - ბოლო ოპერაციის თარიღი და დრო
საკონტროლო ველი 20190507154210.0
008 - ფიქსირებული სიგრძის მონაცემთა ელემენტები - ზოგადი ინფორმაცია
ფიქსირებული სიგრძის საკონტროლო ველი 181216s1996||||ge |||||||||||||| ||geo||
040 ## - კატალოგიზაციის წყარო
Transcribing agency GE_BSU
041 ## - ენის კოდი
Language code of text/sound track or separate title geo
080 ## - უნივერსალური ათობითი კლასიფიკაციის ინდექსი
Universal Decimal Classification number 339 თ–68
100 ## - მთავარი ჩანაწერი - პიროვნების სახელი
Personal name თოდუა,გრიგოლ
9 (RLIN) 900
245 ## - ცნობა სათაურის შესახებ
Title ადამ სმითი და თანამედროვე საერთაშორისო ეკონომიკის აქტუალური საკითხები /
Statement of responsibility, etc გრიგოლ თოდუა ; რედ : შოთა ვეშაპიძე
264 ## - წარმოების, გამოცემის, დისტრიბუციის და სხვა ცნობები
გამოცემის, წარმოების, დისტრიბუციის... ადგილი თბილისი . :
გამოცემის, წარმოების, დისტრიბუციის... სახელწოდება სოც.–ეკონ. ინ–ტი,
გამოცემის, წარმოების, დისტრიბუციის... თარიღი 2000.
300 ## - ფიზიკური აღწერა
Extent 92 გვ .;
Dimensions 19 სმ.
653 ## - INDEX TERM--UNCONTROLLED
Uncontrolled term ადამ სმითი
653 ## - INDEX TERM--UNCONTROLLED
Uncontrolled term თანამედროვე საერთაშორისო ეკონომიკის აქტუალური საკითხები
653 ## - INDEX TERM--UNCONTROLLED
Uncontrolled term ეკონომიკა
700 ## - ADDED ENTRY--PERSONAL NAME
Personal name ვეშაპიძე, შოთა
Relator term რედაქტორი
9 (RLIN) 879
942 ## - ADDED ENTRY ELEMENTS (KOHA)
Koha item type წიგნი
Source of classification or shelving scheme
ეგზემპლარები
ჩამოწერის სტატუსი დაკარგული ეგზემპლარის სტატუსი კლასიფიკაციის წყარო ან თაროზე გაწყობის სქემა დაზიანების სტატუსი არ გაიცემა მუდმივი მდებარეობა (დაცვის ადგილი) ამჟამინდელი ადგილსამყოფელი თაროზე განთავსების ადგილი შეძენის თარიღი ღირებულება, შესყიდვის ნორმალური ფასი სრული შენახვის შიფრი შტრიხკოდი ბოლო ოპერაციის თარიღი ეგზემპლარის მიმდევრობითი ნომერი (კეტერი?) ფასის ძალაში შესვლის თარიღი ეგზემპლარის სახეობა საჯარო შენიშვნა
          ბათუმის შოთა რუსთაველის სახელმწიფო უნივერსიტეტის მთავარი ბიბლიოთეკა ბათუმის შოთა რუსთაველის სახელმწიფო უნივერსიტეტის მთავარი ბიბლიოთეკა წიგნსაცავი 2018-12-17 8.00 339 თ–68 7768 2018-12-17 7768 2018-12-17 წიგნი 8 ლ.